[Event "Ville d'Orsay online Blitz"]
[Site "Europe Echecs INT"]
[Date "2021.02.07"]
[Round "5"]
[White "Djalal, Boris"]
[Black "Lacan Rus, David"]
[Result "1-0"]
[WhiteElo "2223"]
[BlackElo "1448"]
[PlyCount "43"]
[EventDate "2021.02.07"]
[EventType "swiss (blitz)"]
[EventRounds "11"]
[EventCountry "FRA"]
[SourceTitle "CBM 200 Extra"]
[Source "ChessBase"]
[SourceDate "2021.03.31"]
[SourceVersion "1"]
[SourceVersionDate "2021.03.31"]
[SourceQuality "1"]

1. d4 Nf6 2. Bg5 c5 3. Bxf6 exf6 4. dxc5 Bxc5 5. e3 Nc6 6. Nf3 0-0 7. Be2 d6 8. c3 Be6 9. Nbd2 a5 10. 0-0 Ne5 11. Qc2 Qc7 12. a4 Rad8 13. Rad1 Qc8 14. Nd4 Bg4 15. Rfe1 Bxe2 16. Nxe2 Qc6 17. Nf4 Ng6 18. Nxg6 hxg6 19. Qb3 Qb6 20. Qxb6 Bxb6 21. Nc4 Bc7 22. Rd5 1-0

[Event "Ville d'Orsay online Blitz"]
[Site "Europe Echecs INT"]
[Date "2021.02.07"]
[Round "6"]
[White "Nikolovski, Nikola"]
[Black "Djalal, Boris"]
[Result "1-0"]
[WhiteElo "2454"]
[BlackElo "2223"]
[PlyCount "71"]
[EventDate "2021.02.07"]
[EventType "swiss (blitz)"]
[EventRounds "11"]
[EventCountry "FRA"]
[SourceTitle "CBM 200 Extra"]
[Source "ChessBase"]
[SourceDate "2021.03.31"]
[SourceVersion "1"]
[SourceVersionDate "2021.03.31"]
[SourceQuality "1"]

1. e4 c6 2. d4 d5 3. exd5 cxd5 4. Bd3 Nc6 5. c3 Qc7 6. Nf3 Bg4 7. Nbd2 e6 8. Nf1 Bd6 9. Ng3 Nge7 10. h3 Bxf3 11. Qxf3 0-0 12. Nh5 e5 13. dxe5 Nxe5 14. Qe2 N7g6 15. 0-0 Rfe8 16. Bc2 Rac8 17. Qd1 Rcd8 18. Be3 Nc4 19. Bd4 Nxb2 20. Qc1 Nc4 21. Nxg7 Be5 22. Nxe8 Rxe8 23. Re1 Kg7 24. Ba4 Bxd4 25. cxd4 Rxe1+ 26. Qxe1 Qf4 27. Qd1 Nd2 28. Qc2 Nh4 29. Qd3 Ndf3+ 30. gxf3 Nxf3+ 31. Kg2 Nh4+ 32. Kf1 Nf3 33. Rd1 h5 34. Bc2 Kf6 35. Qe3 Nh2+ 36. Kg2 1-0

[Event "FRA-chT Top 12"]
[Site "Drancy"]
[Date "2016.05.29"]
[Round "2.1"]
[White "Richard, Emma"]
[Black "Djalal, Boris"]
[Result "0-1"]
[WhiteElo "2086"]
[BlackElo "2224"]
[PlyCount "156"]
[EventDate "2016.05.28"]
[EventType "team-tourn"]
[EventRounds "11"]
[EventCountry "FRA"]
[SourceTitle "CBM 172 Extra"]
[Source "ChessBase"]
[SourceDate "2016.06.21"]
[SourceVersion "1"]
[SourceVersionDate "2016.06.21"]
[SourceQuality "1"]
[WhiteTeam "Mulhouse Philidor"]
[BlackTeam "Nice Alekhine"]
[WhiteTeamCountry "FRA"]
[BlackTeamCountry "FRA"]

1. e4 c6 2. Nc3 d5 3. Nf3 Bg4 4. h3 Bxf3 5. Qxf3 e6 6. g3 Nf6 7. d3 Bb4 8. Bd2 d4 9. Nb1 Qb6 10. Bg2 Bxd2+ 11. Nxd2 Qxb2 12. 0-0 0-0 13. Nb3 Nbd7 14. Qe2 Qc3 15. f4 Rfe8 16. g4 Nc5 17. Rab1 Na4 18. Qf2 Rad8 19. g5 Nh5 20. Kh2 Qb4 21. Nd2 Qe7 22. Qh4 g6 23. Bf3 Ng7 24. Nc4 h5 25. Rbe1 Nb6 26. Ne5 Nd7 27. Nc4 Qc5 28. Bd1 b5 29. Nd2 a5 30. Qf2 a4 31. e5 Nf5 32. Ne4 Qf8 33. Rg1 Kh8 34. Bf3 Rc8 35. Qe2 Qg7 36. Qf2 c5 37. a3 Rb8 38. Rb1 Rec8 39. h4 c4 40. Bg2 Qf8 41. dxc4 bxc4 42. Bh3 d3 43. Bxf5 exf5 44. Nd6 Rxb1 45. Rxb1 Rb8 46. Rxb8 Qxb8 47. Nxf7+ Kg7 48. e6 Qb6 49. Qd2 Qxe6 50. cxd3 Qxf7 51. dxc4 Qe7 52. Qd4+ Kh7 53. Qa7 Qe2+ 54. Kh1 Qf1+ 55. Kh2 Qxf4+ 56. Kg2 Qg4+ 57. Kf2 Qxh4+ 58. Ke3 Qxg5+ 59. Kd3 Qe7 60. Kc2 h4 61. Kb2 Qg7+ 62. Kc2 Ne5 63. Qf2 Qe7 64. c5 Ng4 65. Qd4 Ne5 66. Qf2 Nd7 67. c6 Qe4+ 68. Kb2 Qxc6 69. Qxh4+ Kg8 70. Qd8+ Nf8 71. Qd3 Qf6+ 72. Ka2 Qf7+ 73. Ka1 f4 74. Qc2 f3 75. Qf2 Qf5 76. Qc2 Qf6+ 77. Ka2 Qf7+ 78. Kb2 f2 0-1

[Event "FRA-ch Accession"]
[Site "Caen"]
[Date "2011.08.21"]
[Round "6"]
[White "Djalal, Boris"]
[Black "Colin, Vincent"]
[Result "0-1"]
[WhiteElo "2217"]
[BlackElo "2410"]
[PlyCount "72"]
[EventDate "2011.08.16"]
[EventType "swiss"]
[EventRounds "11"]
[EventCountry "FRA"]
[SourceTitle "CBM 144 Extra"]
[Source "ChessBase"]
[SourceDate "2011.10.28"]
[SourceVersion "1"]
[SourceVersionDate "2011.10.28"]
[SourceQuality "1"]

1. d4 Nf6 2. Nf3 g6 3. c4 Bg7 4. Nc3 0-0 5. e4 d6 6. h3 e5 7. d5 Na6 8. Bg5 Qe8 9. Be2 h5 10. Be3 Nh7 11. g4 f5 12. gxf5 gxf5 13. Nh4 f4 14. Bd2 Nf6 15. Qc2 Bh6 16. 0-0-0 Kh7 17. Rdg1 Rg8 18. Rxg8 Qxg8 19. a3 Bd7 20. b4 c5 21. b5 Nc7 22. Bf3 Bg5 23. Nf5 Bxf5 24. exf5 Bh4 25. Ne4 Nce8 26. Be1 Nxe4 27. Bxe4 Nf6 28. Kd1 a6 29. b6 Rf8 30. a4 Rf7 31. Ke2 Qg5 32. a5 f3+ 33. Bxf3 e4 34. Bg4 hxg4 35. hxg4 Qxg4+ 36. Kd2 Kg8 0-1

[Event "FRA-ch Accession"]
[Site "Aix les Bains"]
[Date "2003.08.23"]
[Round "1"]
[White "Djalal, Boris"]
[Black "Vachier Lagrave, Maxime"]
[Result "1/2-1/2"]
[WhiteElo "2200"]
[BlackElo "2386"]
[PlyCount "102"]
[EventDate "2003.08.19"]
[EventType "swiss"]
[EventRounds "11"]
[EventCountry "FRA"]
[SourceTitle "EXT 2004"]
[Source "ChessBase"]
[SourceDate "2003.11.25"]
[SourceVersion "1"]
[SourceVersionDate "2003.11.25"]
[SourceQuality "1"]

1. e4 c5 2. Nf3 d6 3. d4 cxd4 4. Nxd4 Nf6 5. Nc3 g6 6. Be3 Bg7 7. f3 0-0 8. Qd2 Nc6 9. Bc4 Bd7 10. 0-0-0 Rc8 11. Bb3 Nxd4 12. Bxd4 b5 13. e5 dxe5 14. Bxe5 Bc6 15. Qxd8 Rfxd8 16. Rxd8+ Rxd8 17. Rd1 Bh6+ 18. Kb1 Rxd1+ 19. Nxd1 Nd5 20. c4 Nf4 21. cxb5 Bxb5 22. g3 Nd3 23. Bb8 Ne1 24. Bxa7 Nxf3 25. Bd5 Nxh2 26. Kc2 e6 27. Bb7 Bg7 28. Nc3 Be8 29. b4 Be5 30. a4 Bxc3 31. Kxc3 Bxa4 32. Kc4 Kg7 33. b5 Bxb5+ 34. Kxb5 Kf6 35. Bg2 Kg5 36. Bg1 Ng4 37. Kc5 e5 38. Kd5 f5 39. Bc5 e4 40. Be7+ Kh5 41. Bxe4 fxe4 42. Kxe4 g5 43. Bd6 Kg6 44. Bc7 Nf6+ 45. Ke5 Ng8 46. Ke4 h5 47. Bd6 Nh6 48. Be5 Nf7 49. Bc7 Nh6 50. Ke5 Ng4+ 51. Ke4 Nh6 1/2-1/2

[Event "FRA-ch Accession"]
[Site "Aix les Bains"]
[Date "2003.08.??"]
[Round "11"]
[White "Housieaux, David"]
[Black "Djalal, Boris"]
[Result "1/2-1/2"]
[WhiteElo "2366"]
[BlackElo "2200"]
[PlyCount "25"]
[EventDate "2003.08.19"]
[EventType "swiss"]
[EventRounds "11"]
[EventCountry "FRA"]
[SourceTitle "EXT 2004"]
[Source "ChessBase"]
[SourceDate "2003.11.25"]
[SourceVersion "1"]
[SourceVersionDate "2003.11.25"]
[SourceQuality "1"]

1. Nf3 g6 2. c4 Bg7 3. e4 d6 4. d4 Nf6 5. Nc3 0-0 6. Be2 e5 7. d5 a5 8. Bg5 h6 9. Bh4 Qe8 10. Nd2 h5 11. 0-0 Nh7 12. f3 Bh6 13. Qc2 1/2-1/2

[Event "FRA-chT2S"]
[Site "France"]
[Date "2003.01.19"]
[Round "6.5"]
[White "Djalal, Boris"]
[Black "Bosc, Sebastien"]
[Result "1/2-1/2"]
[WhiteElo "2187"]
[BlackElo "2094"]
[PlyCount "63"]
[EventDate "2002.10.??"]
[EventType "team"]
[EventRounds "11"]
[EventCountry "FRA"]
[SourceTitle "EXT 2004"]
[Source "ChessBase"]
[SourceDate "2003.11.25"]
[SourceVersion "1"]
[SourceVersionDate "2003.11.25"]
[SourceQuality "1"]

1. e4 e5 2. Nf3 Nf6 3. d4 Nxe4 4. Bd3 d5 5. Nxe5 Nd7 6. Nxd7 Bxd7 7. 0-0 Bd6 8. c4 c6 9. Nc3 Nxc3 10. bxc3 0-0 11. Qh5 g6 12. Qh6 Re8 13. Rb1 Rb8 14. Bg5 Qc8 15. Bf6 Bf8 16. Qg5 dxc4 17. Bxc4 Be6 18. Bb3 Bg7 19. Rbe1 Bxb3 20. axb3 Qd7 21. Bxg7 Kxg7 22. f4 Rxe1 23. Rxe1 Re8 24. Rxe8 Qxe8 25. Kf2 f5 26. Qg3 Qe4 27. b4 Qc2+ 28. Kf1 Qc1+ 29. Ke2 Qc2+ 30. Kf1 Qc1+ 31. Ke2 Qc2+ 32. Kf1 1/2-1/2

[Event "FRA-ch U16"]
[Site "Hyeres"]
[Date "2002.??.??"]
[Round "8.3"]
[White "Maatoug, Redwan"]
[Black "Djalal, Boris"]
[Result "1-0"]
[WhiteElo "2206"]
[BlackElo "2104"]
[PlyCount "55"]
[EventDate "2002.04.05"]
[EventType "swiss"]
[EventRounds "9"]
[EventCountry "FRA"]
[SourceTitle "EXT 2003"]
[Source "ChessBase"]
[SourceDate "2002.11.25"]
[SourceVersion "1"]
[SourceVersionDate "2002.11.25"]
[SourceQuality "1"]

1. d4 Nf6 2. Nf3 c5 3. d5 b5 4. c4 Bb7 5. Qc2 bxc4 6. e4 e6 7. Bg5 Be7 8. Bxf6 Bxf6 9. Bxc4 exd5 10. exd5 Qe7+ 11. Kf1 0-0 12. g3 d6 13. Kg2 Nd7 14. Re1 Qd8 15. Nc3 Ne5 16. Nxe5 Bxe5 17. Rad1 Qb6 18. b3 Ba6 19. Ne4 Rab8 20. Bxa6 Qxa6 21. Nxc5 Qc8 22. Qc4 Qf5 23. Nd3 Rfc8 24. Qe4 Qxe4+ 25. Rxe4 Bf6 26. Nb4 Rb5 27. Nc6 a6 28. Na7 1-0

[Event "FRA-chT2"]
[Site "France"]
[Date "2001.10.14"]
[Round "1"]
[White "Montroig, Marco"]
[Black "Djalal, Boris"]
[Result "0-1"]
[WhiteElo "2136"]
[BlackElo "2104"]
[PlyCount "64"]
[EventDate "2002.??.??"]
[EventType "team"]
[EventRounds "11"]
[EventCountry "FRA"]
[SourceTitle "EXT 2003"]
[Source "ChessBase"]
[SourceDate "2002.11.25"]
[SourceVersion "1"]
[SourceVersionDate "2002.11.25"]
[SourceQuality "1"]

1. d4 Nf6 2. Nf3 c5 3. d5 b5 4. Bg5 Ne4 5. Bh4 Bb7 6. Qd3 Qa5+ 7. Nc3 Nxc3 8. bxc3 Bxd5 9. e4 Bc4 10. Qd2 Bxf1 11. Kxf1 Nc6 12. Ke2 g6 13. Rhd1 Rd8 14. Qd5 Qxc3 15. Ng5 e6 16. Qd3 Qxd3+ 17. Rxd3 Be7 18. Nf3 Bxh4 19. Nxh4 Ke7 20. Nf3 d6 21. Rb3 a6 22. c3 d5 23. a4 b4 24. Rc1 dxe4 25. Nd2 f5 26. Ke1 Ne5 27. Ke2 a5 28. cxb4 cxb4 29. Rc5 Rd5 30. Rc7+ Rd7 31. Rc5 Nd3 32. Rc2 Rhd8 0-1

[Event "Martinez op-A"]
[Site "Cannes"]
[Date "2000.08.04"]
[Round "7"]
[White "Maitesian, Sergei"]
[Black "Djalal, Boris"]
[Result "1-0"]
[WhiteElo "2151"]
[BlackElo "2056"]
[PlyCount "69"]
[EventDate "2000.07.29"]
[EventType "swiss"]
[EventRounds "9"]
[EventCountry "FRA"]
[SourceTitle "EXT 2001"]
[Source "ChessBase"]
[SourceDate "2000.11.22"]
[SourceVersion "1"]
[SourceVersionDate "2000.11.22"]
[SourceQuality "1"]

1. e4 e5 2. Nf3 Nc6 3. Bb5 Nf6 4. 0-0 Nxe4 5. Re1 Nd6 6. Bxc6 dxc6 7. Rxe5+ Be7 8. Qe1 Bg4 9. Nc3 Kf8 10. Re3 Nf5 11. Rd3 Qe8 12. Qe4 h5 13. h3 Nd6 14. Qf4 Be6 15. Nd4 Rh6 16. Re3 Qd7 17. Nxe6+ Rxe6 18. Rxe6 Qxe6 19. d3 Bf6 20. Bd2 Re8 21. Qf3 Qf5 22. Qxf5 Nxf5 23. Ne4 Bd8 24. Kf1 b6 25. Bf4 c5 26. Ng3 Nxg3+ 27. Bxg3 Bf6 28. Re1 Bxb2 29. Bxc7 Rxe1+ 30. Kxe1 Bc3+ 31. Ke2 b5 32. Bd6+ Ke8 33. Bxc5 a6 34. Ke3 Kd7 35. Bd4 1-0

[Event "Martinez op-A"]
[Site "Cannes"]
[Date "2000.08.03"]
[Round "6"]
[White "Djalal, Boris"]
[Black "Gras, Guillaume"]
[Result "1-0"]
[WhiteElo "2056"]
[BlackElo "2132"]
[PlyCount "73"]
[EventDate "2000.07.29"]
[EventType "swiss"]
[EventRounds "9"]
[EventCountry "FRA"]
[SourceTitle "EXT 2001"]
[Source "ChessBase"]
[SourceDate "2000.11.22"]
[SourceVersion "1"]
[SourceVersionDate "2000.11.22"]
[SourceQuality "1"]

1. e4 e5 2. Nf3 d6 3. d4 Bg4 4. dxe5 Nd7 5. exd6 Bxd6 6. Be2 Qe7 7. Nc3 0-0-0 8. Nd4 h5 9. Be3 Bb4 10. f3 Be6 11. Nxe6 Qxe6 12. 0-0 Nb6 13. Qe1 f5 14. a3 Bxc3 15. Qxc3 fxe4 16. fxe4 Nf6 17. Bf4 Rd7 18. Bd3 Nxe4 19. Qa5 Qc6 20. Rae1 Nd6 21. Qxa7 Nb5 22. Bxb5 Qxb5 23. Be3 Qa6 24. Qxa6 bxa6 25. b3 Re8 26. Bg5 Rxe1 27. Rxe1 c5 28. c4 Rd3 29. Re3 Rd1+ 30. Kf2 Nd7 31. Ke2 Rb1 32. Kf3 Rf1+ 33. Ke2 Rb1 34. h3 a5 35. a4 Kc7 36. Rd3 Ne5 37. Bf4 1-0

[Event "Martinez op-A"]
[Site "Cannes"]
[Date "2000.07.31"]
[Round "3"]
[White "Ricci, Marco"]
[Black "Djalal, Boris"]
[Result "1/2-1/2"]
[WhiteElo "2155"]
[BlackElo "2056"]
[PlyCount "73"]
[EventDate "2000.07.29"]
[EventType "swiss"]
[EventRounds "9"]
[EventCountry "FRA"]
[SourceTitle "EXT 2001"]
[Source "ChessBase"]
[SourceDate "2000.11.22"]
[SourceVersion "1"]
[SourceVersionDate "2000.11.22"]
[SourceQuality "1"]

1. e4 e5 2. Nf3 Nc6 3. Bb5 a6 4. Bxc6 dxc6 5. 0-0 Bg4 6. h3 h5 7. d3 Qf6 8. Nbd2 b5 9. Re1 Bc5 10. Nb3 Bb6 11. Be3 Ne7 12. Nbd2 Ng6 13. hxg4 hxg4 14. Nh2 Rxh2 15. Qxg4 Rh7 16. g3 Bxe3 17. Rxe3 Ke7 18. Rf3 Qe6 19. Qxe6+ Kxe6 20. Re3 Rah8 21. Ree1 c5 22. Nf3 f6 23. Kg2 c6 24. Rh1 Rxh1 25. Rxh1 Rxh1 26. Kxh1 Ne7 27. Kg2 Nc8 28. Nd2 g5 29. Kf3 Nb6 30. b3 Kf7 31. Kg4 Kg6 32. f4 gxf4 33. gxf4 exf4 34. Kxf4 Nd7 35. Nf3 Nf8 36. e5 Ne6+ 37. Ke3 1/2-1/2

[Event "Martinez op-A"]
[Site "Cannes"]
[Date "2000.07.30"]
[Round "2"]
[White "Djalal, Boris"]
[Black "Pellaton, Bernard"]
[Result "0-1"]
[WhiteElo "2056"]
[BlackElo "2158"]
[PlyCount "75"]
[EventDate "2000.07.29"]
[EventType "swiss"]
[EventRounds "9"]
[EventCountry "FRA"]
[SourceTitle "EXT 2001"]
[Source "ChessBase"]
[SourceDate "2000.11.22"]
[SourceVersion "1"]
[SourceVersionDate "2000.11.22"]
[SourceQuality "1"]

1. e4 c5 2. Nf3 Nc6 3. d4 cxd4 4. Nxd4 e5 5. Nb5 d6 6. c4 Be6 7. N1c3 a6 8. Na3 Be7 9. Nd5 Bxd5 10. exd5 Nb8 11. Be2 Nd7 12. 0-0 Ngf6 13. Nc2 0-0 14. Re1 Re8 15. Rb1 a5 16. Bf1 Bf8 17. f3 h6 18. Be3 Qc8 19. b3 g6 20. a3 b6 21. b4 axb4 22. axb4 Ra2 23. Bd3 Bg7 24. f4 Qc7 25. f5 e4 26. Be2 Ne5 27. fxg6 fxg6 28. Nd4 Rxe2 29. Qxe2 Qxc4 30. Rbc1 Qxe2 31. Nxe2 Nxd5 32. Bd4 Nd3 33. Rc6 Bxd4+ 34. Nxd4 e3 35. Rxd6 N5xb4 36. Ne2 Nf2 37. Rxb6 Nfd3 38. Rxb4 0-1